| 000 | 00494nam a2200181 i 4500 | ||
|---|---|---|---|
| 001 | 27154 | ||
| 003 | ES-MaACL | ||
| 007 | t| | ||
| 008 | 030113s1983 sp ||||1| spa d | ||
| 020 | _a84-7399-089-7 | ||
| 100 | 1 |
_aArroyo, Antonio M. _923349 |
|
| 245 | 1 | 0 |
_aDirección financiera / _cAntonio M. Arroyo, Margarita Prat. |
| 250 | _a3ª ed. | ||
| 260 |
_aMadrid : _bICAI, _c1983. |
||
| 300 |
_a398 p. ; _c24 cm. |
||
| 700 | 1 |
_aPrat, Margarita. _993669 |
|
| 852 |
_aES-MaACL _jL-9035 _bR.109170 |
||
| 999 |
_c27154 _d27154 |
||